00445pab a2200133 454500008004000000100002200040245012700062260000900189300001200198362000800210650003000218650002100248773004200269180718b2001 xxu||||| |||| 00| 0 eng d aHarbeson, John W. aLocal government, democratization and state reconstruction in Africa: toward integration of lessons from contrasting areas c2001 ap.89-99 aMay aLocal government - Africa aLocal government aPublic Administration and Development